KOHA-Header-6

Essenrtials of Entrepreneurship and Small Business Management (Record no. 9549)

000 -LEADER
fixed length control field 00285nam a2200109Ia 4500
020 ## - INTERNATIONAL STANDARD BOOK NUMBER
ISBN 9788177587524
100 ## - MAIN ENTRY--AUTHOR NAME
Personal name Zimmerer, Scarborough
245 #0 - TITLE STATEMENT
Title Essenrtials of Entrepreneurship and Small Business Management
260 ## - PUBLICATION, DISTRIBUTION, ETC. (IMPRINT)
Place of publication India
Name of publisher Tata McGraw Hill
Year of publication 2003
300 ## - PHYSICAL DESCRIPTION
Number of Pages 530
942 ## - ADDED ENTRY ELEMENTS (KOHA)
Koha item type Books
Holdings
Withdrawn status Lost status Collection code Permanent Location Current Location Shelving location Date acquired Full call number Accession Number Koha item type
    Management MAJU MAJU   2019-09-14 658.3 5366 Management

Powered by Koha